[Event "Box Hill Rainbow-ch"]
[Site "Box Hill"]
[Date "2000.05.16"]
[Round "3.9"]
[White "Symington, John"]
[Black "Andrews, Paul"]
[Result "1-0"]
[WhiteElo "1403"]
[BlackElo "1207"]
[PlyCount "65"]
[EventDate "2000.??.??"]
[EventType "swiss"]
[EventRounds "6"]
[EventCountry "AUS"]
[SourceTitle "EXT 2003"]
[Source "ChessBase"]
[SourceDate "2002.11.25"]
[SourceVersion "1"]
[SourceVersionDate "2002.11.25"]
[SourceQuality "1"]

1. e4 c5 2. Bc4 e6 3. Nf3 Nc6 4. 0-0 d6 5. d4 Nf6 6. Re1 cxd4 7. Nxd4 Nxd4 8. Qxd4 e5 9. Qe3 Be7 10. Nc3 0-0 11. Qg3 Kh8 12. b3 Bd7 13. Ba3 a6 14. Rad1 Qa5 15. Bxd6 Bxd6 16. Rxd6 Bc6 17. Rdd1 b5 18. Bd5 Rfc8 19. Bxf7 b4 20. Nd5 Bxd5 21. exd5 Rf8 22. Be6 Qc5 23. Rd2 Rad8 24. Rxe5 h5 25. Qg5 Qc3 26. Qxh5+ Nh7 27. Qe2 Qa1+ 28. Qe1 Qxa2 29. h3 Nf6 30. Qd1 Qb2 31. Rh5+ Nh7 32. Rxh7+ Kxh7 33. Qh5# 1-0